| 000 | 00515nam a2200193 a 4500 | ||
|---|---|---|---|
| 001 | 4555 | ||
| 003 | CDMR | ||
| 005 | 20130530191838.0 | ||
| 008 | 130130s1994||||||||||||||||||||||||||||d | ||
| 020 | _a8478096787 | ||
| 040 |
_aCDMR _bcat _cCPC GIRONA |
||
| 100 | 1 |
_93035 _aEspañol, Piti |
|
| 245 | 0 |
_aFer riure per televisió _b: manual del guionista d'humor _cPiti Español |
|
| 260 |
_c1994 _bColumna |
||
| 490 | 0 |
_aVisuàlia _v1 |
|
| 650 | 0 | 4 |
_93143 _aGuions televisius |
| 650 | 0 | 4 |
_92614 _aHumorisme |
| 942 |
_cMON _2udc |
||
| 999 |
_c4555 _d4555 |
||